[Event "Kesarovski Georgiev Memorial 8th"]
[Site "Sunny Beach"]
[Date "2009.09.07"]
[Round "1"]
[White "Nikolov, Sasho"]
[Black "Horacek, Michal"]
[Result "1-0"]
[WhiteElo "2403"]
[BlackElo "2004"]
[PlyCount "93"]
[EventDate "2009.09.07"]
[EventType "swiss"]
[EventRounds "9"]
[EventCountry "BUL"]
[SourceTitle "CBM 132 Extra"]
[Source "ChessBase"]
[SourceDate "2009.11.03"]
[SourceVersion "1"]
[SourceVersionDate "2009.11.03"]
[SourceQuality "1"]

1. d4 e6 2. c4 b6 3. Nc3 Bb7 4. a3 Nf6 5. Bg5 Be7 6. e3 d6 7. Nf3 Nbd7 8. Bd3 h6 9. Bh4 0-0 10. 0-0 c5 11. b4 Re8 12. Rb1 cxd4 13. exd4 d5 14. c5 Ne4 15. Bxe7 Qxe7 16. Qc2 Nxc3 17. Qxc3 Rac8 18. Bb5 a6 19. Ba4 b5 20. Bc2 e5 21. dxe5 Nxe5 22. Nd4 Qf6 23. Nf5 d4 24. Qxd4 Rcd8 25. Qh4 Qc6 26. Qg3 Ng6 27. Rbd1 Rd5 28. Rxd5 Qxd5 29. h4 Re2 30. Rd1 Rd2 31. Rxd2 Qxd2 32. Bb3 Bd5 33. h5 Bxb3 34. hxg6 Qd1+ 35. Kh2 Qh5+ 36. Qh4 fxg6 37. Qxh5 gxh5 38. c6 Be6 39. Nd6 Kf8 40. c7 Ke7 41. c8Q Bxc8 42. Nxc8+ Kd7 43. Na7 Kc7 44. Kg3 Kb7 45. Kf4 Kxa7 46. Kf5 Kb6 47. Kg6 1-0